000
00265nam a22001217a 4500
041
_a
ENG
100
_a
Agarwal.R.D
245
_a
Oeganization And Management
260
_a
Delhi
_b
Tata McGraw -Hill
_c
1982
300
_a
708
650
_a
M.Tech
856
_u
M.Tech -(7)
999
_c
996
_d
996